000 00881nam a2200241 i 4500
001 128326
003 ES-MaACL
005 20251108165307.0
007 t|
008 070629s1967 sp ||||1| spa d
080 _a231.74:262.5 Vat.II
111 2 _aConcilio Vaticano (
_n2º.
_d1962-1965)
_9122
245 1 3 _aLa palabra viva del concilio /
_ctexto y comentarios de la Constitución sobre la revelación Roger Schutz, Prior de Taize, Fr. Max Thurian ; prefacio del... P. Henri de Lubac ; versión de Gaudencio Guijarro.
260 _aMadrid :
_bStudium,
_c[1967]
300 _a150 p. ;
_c18 cm.
650 1 4 _aRevelación.
_916895
700 1 _aRoger
_c, frére.
_998934
700 1 _aThurian, Max.
_9110184
700 1 _aLubac, Henri de,
_d1896-1991
_974490
700 1 _aGuijarro, Gaudencio.
_960676
852 _aES-MaACL
_jC-33665
_bR.64334
999 _c128326
_d128326